Qui sont ces sportifs ? - Statistiques

Statistiques générales
  • Ce quiz a été pris 2 866 fois
  • Le résultat moyen est 9 sur 15
Statistiques - réponses
Par images Réponse % Correct
Gaël Monfils
96%
Teddy Riner
95%
Sébastien Loeb
88%
Antoine Dupont
83%
Laure Manaudou
78%
Wendy Renard
78%
Renaud Lavillenie
73%
Camille Lacourt
69%
Jean-Pierre Papin
64%
Thierry Omeyer
61%
Raymond Poulidor
33%
Alexis Vastine
22%
Mary Pierce
22%
Stéphane Diagana
21%
Pauline Ferrand-Prévost
19%
Aucun quiz correspondant
Distribution des résultats
% des personnes avec chaque résultat
Percentile par nombre de réponses
Votre historique - résultats
Vous n’avez pas pris ce quiz